00910nam a22002537a 450000500170000001000110001702000100002803500110003803700160004904000120006508200130007710000270009024500780011725000120019526000350020727000310024230000260027350000430029965000750034265000750041794200220049299900190051495201230053320170124110110.0 a748155 c00.00 a748155 bCen Lib/Ret aDPLbEN a920bBEA a Beard, William928852 aCharles A. Beard's The presidents in American history /cby William Beard a18th ed aNew YorkbJulian Messnerc1961 a8 West 40 StreetbNew York aviii,182p. c21cm(Hb) aIncludes bibliographical references  aPresidents -- United States -- Biography -- Juvenile literature928699 aUnited States -- Politics and government -- Juvenile literature928853 2ddccENh920mBEA c130304d130304 00104070aLbLd2015-07-09eCen Lib/Ret g0.00l0o920 BEAp748155r2015-07-09 00:00:00t1v0.00w2015-07-09yEN